| 000 | 00575nam a2200181 4500 | ||
|---|---|---|---|
| 001 | 135910 | ||
| 003 | ES-MaACL | ||
| 005 | 20250717081030.0 | ||
| 007 | t| | ||
| 008 | 070214s1932 sp r ||||1| spa d | ||
| 100 | 1 |
_aRuiz Ezquiu, Eduardo. _9100790 |
|
| 245 | 1 | 0 |
_aEvolución del sistema dentario en los vertebrados / _cpor Eduardo Ruiz Ezquiu. |
| 260 |
_aMadrid : _bFacultad de Medicina, _c1932. |
||
| 300 |
_a16 p. : _bil. ; _c24 cm. |
||
| 710 | 2 |
_aUniversidad Central (Madrid). _bFacultad de Medicina _97093 |
|
| 852 |
_aES-MaACL _j1768-F-3 |
||
| 999 |
_c135910 _d135910 |
||